ARRUPE JESUIT UNIVERSITY

CORONAVIRUS -STOP THE SPREAD - CLEAN,DISINFECT,COVER

The Encylical [!] Letter of Pope Pius Ix. and The Syllabus of Modern Errors (Record no. 123227)

MARC details
000 -LEADER
fixed length control field 00511nam a22001577a 4500
008 - FIXED-LENGTH DATA ELEMENTS--GENERAL INFORMATION
fixed length control field 150904b xxu||||| |||| 00| 0 eng d
020 ## - INTERNATIONAL STANDARD BOOK NUMBER
International Standard Book Number 9781295759415
050 ## - LIBRARY OF CONGRESS CALL NUMBER
Classification number BX870.I846 S9
100 ## - MAIN ENTRY--PERSONAL NAME
Personal name Pope Pius IX
9 (RLIN) 19292
245 ## - TITLE STATEMENT
Title The Encylical [!] Letter of Pope Pius Ix. and The Syllabus of Modern Errors
Statement of responsibility, etc Pope Pius IX
260 ## - PUBLICATION, DISTRIBUTION, ETC. (IMPRINT)
Name of publisher, distributor, etc Lightning Source
Date of publication, distribution, etc 1965
300 ## - PHYSICAL DESCRIPTION
Extent 186p.
Dimensions 25cm.
440 ## - SERIES STATEMENT/ADDED ENTRY--TITLE
Title Nabu Public Domain Reprints
9 (RLIN) 19293
500 ## - GENERAL NOTE
General note Reproduction of original edition
942 ## - ADDED ENTRY ELEMENTS (KOHA)
Source of classification or shelving scheme Library of Congress Classification
Item type Monograph ( Printed materials)
Holdings
Withdrawn status Lost status Source of classification or shelving scheme Damaged status Not for loan Collection code Home library Current library Shelving location Date acquired Total Checkouts Full call number Barcode Date last seen Price effective from Koha item type
    Library of Congress Classification     Main Collection ARRUPE LIBRARY ARRUPE LIBRARY Main Collection 04/09/2015   BX870.I846 S9 46500004046 22/11/2017 04/09/2015 Monograph ( Printed materials)

 

Arrupe Library. PO Box MP320 Mt Pleasant, Harare, Zimbabwe
263 242 745411|librarian@aju.ac.zw